000 00306nam a22001337a 4500
008 181018b xxu||||| |||| 00| 0 eng d
020 _a0471049719
041 _aeng
080 _a159.9
100 _a49
101 _aPSI
245 _aWiley Series on Personality Process
_cKaufman, A.S
942 _2udc
_cBK
999 _c50164
_d50164